Billboard Top 100 2015 - Statistics

General Stats
  • This quiz has been taken 96 times
  • The average score is 38 of 100
Answer Stats
Number Artist Song % Correct
1 Mark Ronson ft Bruno Mars Uptown Funk!
94%
3 Wiz Khalifa ft Charlie Puth See You Again
88%
14 Hozier Take Me To Church
80%
15 Taylor Swift ft Kendrick Lamar Bad Blood
78%
6 WALK THE MOON Shut Up And Dance
74%
7 Taylor Swift Blank Space
73%
16 Major Lazer & DJ Snake ft MO Lean On
70%
5 Maroon 5 Sugar
70%
11 OMI Cheerleader
67%
90 Sia Chandelier
66%
13 Ellie Goulding Love Me Like You Do
65%
12 The Weeknd Can't Feel My Face
63%
10 The Weeknd The Hills
63%
8 Silento Watch Me
63%
28 Meghan Trainor All About That Bass
62%
35 Adele Hello
62%
2 Ed Sheeran Thinking Out Loud
61%
23 Fifth Harmony ft Kid Ink Worth It
61%
18 Taylor Swift Shake It Off
60%
36 Shawn Mendes Stitches
57%
4 Fetty Wap Trap Queen
57%
58 Sam Smith Stay With Me
56%
80 Jessie J, Ariana Grande, & Nicki Minaj Bang Bang
55%
20 Rachel Platten Fight Song
55%
71 Vance Joy Riptide
54%
29 Taylor Swift Style
52%
42 Rihanna & Kanye West & Paul McCartney FourFiveSeconds
51%
38 Nick Jonas Jealous
50%
22 Meghan Trainor Lips Are Movin
49%
31 David Guetta ft Nicki Minaj, Bebe Rexha, & Afrojack Hey Mama
48%
30 Drake Hotline Bling
46%
19 Skrillex & Diplo With Justin Bieber Where Are U Now
46%
56 Ariana Grande ft The Weeknd Love Me Harder
45%
43 Fall Out Boy Centuries
44%
92 Ed Sheeran Don't
44%
40 R. City ft Adam Levine Locked Away
44%
74 Meghan Trainor Dear Future Husband
43%
94 Alessia Cara Here
43%
34 Ed Sheeran Photograph
43%
21 Fetty Wap ft Remy Boyz 679
41%
77 Tove Lo Habits (Stay High)
41%
57 Taylor Swift Wildest Dreams
41%
26 Sam Smith I'm Not The Only One
40%
46 Maroon 5 Animals
39%
9 The Weeknd Earned It (Fifty Shades Of Grey)
39%
53 Demi Lovato Cool For The Summer
38%
65 One Direction Drag Me Down
38%
27 Selena Gomez ft A$AP Rocky Good For You
38%
75 Charlie Puth ft Meghan Trainor Marvin Gaye
38%
51 Nicki Minaj ft Drake, Lil Wayne, & Chris Brown Only
38%
33 Justin Bieber What Do You Mean?
38%
25 Andy Grammer Honey, I'm Good
37%
17 Jason Derulo Want To Want Me
37%
89 George Ezra Budapest
35%
73 Elle King Ex's & Oh's
35%
52 Sia Elastic Heart
34%
37 Tove Lo Talking Body
33%
76 Meghan Trainor ft John Legend Like I'm Gonna Lose You
32%
98 One Direction Night Changes
32%
54 X Ambassadors Renegades
32%
67 Ariana Grande One Last Time
30%
95 Mr. Probz Waves
30%
100 Calvin Harris & Disciples How Deep Is Your Love
29%
93 Ella Henderson Ghost
28%
47 Big Sean ft E-40 I Don't F**k With You
27%
41 Natalie La Rose ft Jeremih Somebody
26%
39 Pitbull & Ne-Yo Time Of Our Lives
26%
60 Fall Out Boy Uma Thurman
26%
32 Flo Rida ft Sage The Gemini & Lookas G.D.F.R.
24%
61 Beyonce 7 / 11
23%
48 Rihanna B**** Better Have My Money
22%
68 Nick Jonas Chains
22%
84 Macklemore & Ryan Lewis ft Eric Nally, Melle Mel, Kool Moe Dee, & Grandmaster Caz Downtown
21%
63 Little Big Town Girl Crush
21%
91 Kelly Clarkson Heartbeat Song
21%
83 iLoveMemphis Hit The Quan
21%
44 Fetty Wap ft Monty My Way
21%
24 Omarion ft Chris Brown & Jhene Aiko Post To Be
21%
78 James Newton Howard ft Jennifer Lawrence The Hanging Tree
21%
86 Chris Brown & Tyga Ayo
20%
81 Sam Smith Lay Me Down
20%
82 I LOVE MAKONNEN ft Drake Tuesday
20%
49 Rich Homie Quan Flex (Ooh Ooh Ooh)
18%
55 Usher ft Juicy J I Don't Mind
18%
79 O.T. Genasis CoCo
16%
50 T-Wayne Nasty Freestyle
16%
70 Rae Sremmurd No Type
16%
62 Selena Gomez The Heart Wants What It Wants
16%
59 DJ Snake & AlunaGeorge You Know You Like It
16%
96 Nicky Jam & Enrique Iglesias El Perdon (Forgiveness)
15%
45 Sam Hunt Take Your Time
15%
66 Nicki Minaj ft Drake & Lil Wayne Truffle Butter
15%
99 Drake Back To Back
12%
88 Big Sean ft Drake Blessings
12%
85 Sam Hunt House Party
12%
64 Trey Songz Slow Motion
12%
72 Jidenna ft Roman GianArthur Classic Man
11%
97 Ne-Yo ft Juicy J She Knows
11%
69 Meek Mill ft Chris Brown & Nicki Minaj All Eyes On You
9%
87 Luke Bryan Kick The Dust Up
9%
No matching quizzes found
Score Distribution
Percent of People with Each Score
Percentile by Number Answered
Your Score History
You have not taken this quiz